<?xml version="1.0" encoding="UTF-8"?><marc:collection xmlns:marc="http://www.loc.gov/MARC21/slim">
  <marc:record>
    <marc:leader>00000nim  2200000zi 4500</marc:leader>
    <marc:controlfield tag="001">9.954416</marc:controlfield>
    <marc:controlfield tag="003">CaOODSP</marc:controlfield>
    <marc:controlfield tag="005">20250822150221</marc:controlfield>
    <marc:controlfield tag="006">m     o  h f      </marc:controlfield>
    <marc:controlfield tag="007">cr nna||||||||</marc:controlfield>
    <marc:controlfield tag="008">250822s2023    qucnnnn o      z  n fre d</marc:controlfield>
    <marc:datafield tag="043" ind1=" " ind2=" ">
      <marc:subfield code="a">n-cn---</marc:subfield>
    </marc:datafield>
    <marc:datafield tag="086" ind1="1" ind2=" ">
      <marc:subfield code="a">TT4-50/8-2023F-MP3</marc:subfield>
    </marc:datafield>
    <marc:datafield tag="245" ind1="0" ind2="0">
      <marc:subfield code="a">Guide sur la formation du personnel en matière d'aide aux voyageurs handicapés.</marc:subfield>
    </marc:datafield>
    <marc:datafield tag="264" ind1=" " ind2="1">
      <marc:subfield code="a">[Gatineau, Québec] : </marc:subfield>
      <marc:subfield code="b">[Office des transports du Canada], </marc:subfield>
      <marc:subfield code="c">[2023]</marc:subfield>
    </marc:datafield>
    <marc:datafield tag="300" ind1=" " ind2=" ">
      <marc:subfield code="a">1 ressource en ligne (1 fichier sonore (24 min., 55 sec.))</marc:subfield>
    </marc:datafield>
    <marc:datafield tag="336" ind1=" " ind2=" ">
      <marc:subfield code="a">parole prononcée</marc:subfield>
      <marc:subfield code="b">spw</marc:subfield>
      <marc:subfield code="2">rdacontent/fre</marc:subfield>
    </marc:datafield>
    <marc:datafield tag="337" ind1=" " ind2=" ">
      <marc:subfield code="a">audio</marc:subfield>
      <marc:subfield code="b">s</marc:subfield>
      <marc:subfield code="2">rdamedia/fre</marc:subfield>
    </marc:datafield>
    <marc:datafield tag="337" ind1=" " ind2=" ">
      <marc:subfield code="a">informatique</marc:subfield>
      <marc:subfield code="b">c</marc:subfield>
      <marc:subfield code="2">rdamedia/fre</marc:subfield>
    </marc:datafield>
    <marc:datafield tag="338" ind1=" " ind2=" ">
      <marc:subfield code="a">ressource en ligne</marc:subfield>
      <marc:subfield code="b">cr</marc:subfield>
      <marc:subfield code="2">rdacarrier/fre</marc:subfield>
    </marc:datafield>
    <marc:datafield tag="344" ind1=" " ind2=" ">
      <marc:subfield code="3">Office des transports du Canada</marc:subfield>
      <marc:subfield code="a">numérique</marc:subfield>
      <marc:subfield code="2">rdatr</marc:subfield>
    </marc:datafield>
    <marc:datafield tag="347" ind1=" " ind2=" ">
      <marc:subfield code="3">Office des transports du Canada</marc:subfield>
      <marc:subfield code="a">fichier audio</marc:subfield>
      <marc:subfield code="2">rdaft</marc:subfield>
    </marc:datafield>
    <marc:datafield tag="347" ind1=" " ind2=" ">
      <marc:subfield code="3">Office des transports du Canada</marc:subfield>
      <marc:subfield code="b">MP3</marc:subfield>
      <marc:subfield code="c">8.55 Mo</marc:subfield>
      <marc:subfield code="f">48 kbps</marc:subfield>
    </marc:datafield>
    <marc:datafield tag="500" ind1=" " ind2=" ">
      <marc:subfield code="a">Publié aussi en anglais sous le titre : Personnel training for the assistance of travellers with disabilities: a guide.</marc:subfield>
    </marc:datafield>
    <marc:datafield tag="500" ind1=" " ind2=" ">
      <marc:subfield code="a">Disponible en streaming audio ou en fichier MP3 téléchargeable.</marc:subfield>
    </marc:datafield>
    <marc:datafield tag="520" ind1=" " ind2=" ">
      <marc:subfield code="a">« Le présent guide explique les obligations des fournisseurs de services de transport prévues dans le Règlement sur les transports accessibles aux personnes handicapées (RTAPH), concernant l'élaboration et la mise en œuvre de programmes de formation à l'égard des personnes handicapées. Le guide traite particulièrement de ce qui suit : qui, parmi les membres du personnel du fournisseur de services de transport, doit recevoir de la formation; les sujets qui doivent être traités dans les programmes de formation; les délais pour suivre la formation; la supervision du personnel non formé; l'obligation d'informer le personnel des nouvelles avancées ayant une incidence sur les personnes handicapées; la préparation des programmes de formation, notamment en consultation avec des personnes handicapées; la communication de renseignements sur les programmes de formation, sur demande. … » -- Objet.</marc:subfield>
    </marc:datafield>
    <marc:datafield tag="588" ind1=" " ind2=" ">
      <marc:subfield code="a">Description basée sur la ressource en ligne; titre pris de la page Web de ressource (Office des transports du Canada, consulté le 22 août 2025).</marc:subfield>
    </marc:datafield>
    <marc:datafield tag="650" ind1=" " ind2="6">
      <marc:subfield code="a">Personnes handicapées</marc:subfield>
      <marc:subfield code="x">Transport</marc:subfield>
      <marc:subfield code="z">Canada.</marc:subfield>
    </marc:datafield>
    <marc:datafield tag="650" ind1=" " ind2="6">
      <marc:subfield code="a">Personnes handicapées</marc:subfield>
      <marc:subfield code="x">Services</marc:subfield>
      <marc:subfield code="z">Canada.</marc:subfield>
    </marc:datafield>
    <marc:datafield tag="650" ind1=" " ind2="6">
      <marc:subfield code="a">Travailleurs des transports</marc:subfield>
      <marc:subfield code="x">Formation</marc:subfield>
      <marc:subfield code="z">Canada.</marc:subfield>
    </marc:datafield>
    <marc:datafield tag="655" ind1=" " ind2="7">
      <marc:subfield code="a">Enregistrements sonores</marc:subfield>
      <marc:subfield code="2">rvmgf</marc:subfield>
    </marc:datafield>
    <marc:datafield tag="710" ind1="2" ind2=" ">
      <marc:subfield code="a">Office des transports du Canada, </marc:subfield>
      <marc:subfield code="e">organisme de publication.</marc:subfield>
    </marc:datafield>
    <marc:datafield tag="775" ind1="0" ind2="8">
      <marc:subfield code="t">Personnel training for the assistance of travellers with disabilities : </marc:subfield>
      <marc:subfield code="w">(CaOODSP)9.954415</marc:subfield>
    </marc:datafield>
    <marc:datafield tag="776" ind1="0" ind2="#">
      <marc:subfield code="t">Guide sur la formation du personnel en matière d’aide aux voyageurs handicapés.</marc:subfield>
      <marc:subfield code="w">(CaOODSP)9.930527</marc:subfield>
    </marc:datafield>
    <marc:datafield tag="856" ind1="4" ind2="0">
      <marc:subfield code="q">MP3</marc:subfield>
      <marc:subfield code="s">8.55 Mo</marc:subfield>
      <marc:subfield code="u">https://publications.gc.ca/collections/collection_2025/otc-cta/TT4-50-8-2023-fra.mp3</marc:subfield>
    </marc:datafield>
    <marc:datafield tag="856" ind1="4" ind2=" ">
      <marc:subfield code="q">HTML</marc:subfield>
      <marc:subfield code="s">S.O.</marc:subfield>
      <marc:subfield code="u">https://otc-cta.gc.ca/fra/publication/guide-sur-formation-personnel-matiere-daide-aux-voyageurs-handicapes</marc:subfield>
    </marc:datafield>
    <marc:datafield tag="040" ind1=" " ind2=" ">
      <marc:subfield code="a">CaOODSP</marc:subfield>
      <marc:subfield code="b">fre</marc:subfield>
      <marc:subfield code="e">rda</marc:subfield>
      <marc:subfield code="c">CaOODSP</marc:subfield>
    </marc:datafield>
  </marc:record>
</marc:collection>
